000 00456nam a2200169 i 4500
001 40279
003 ES-MaACL
005 20230906160200.0
007 t|
008 030305s1906 sp ||||1| spa d
100 1 _aCarrillo, Alvaro.
_935755
245 1 0 _aDon Juan de Serrallonga
_b: novela histórica /
_cAlvaro Carrillo.
250 _a4ª ed.
260 _aBarcelona :
_bE. Albacar,
_c1906.
300 _a125 p. ;
_c17 cm.
852 _aES-MaACL
_jD-2731
999 _c40279
_d40279